चण्ड अशोक : (Record no. 115232)

MARC details
000 -LEADER
fixed length control field 01315nam a22002777a 4500
003 - CONTROL NUMBER IDENTIFIER
control field dpl
005 - DATE AND TIME OF LATEST TRANSACTION
control field 20180717130330.0
008 - FIXED-LENGTH DATA ELEMENTS--GENERAL INFORMATION
fixed length control field 180717b xxu||||| |||| 00| 0 eng d
010 ## - LIBRARY OF CONGRESS CONTROL NUMBER
LC control number B-056411
020 ## - INTERNATIONAL STANDARD BOOK NUMBER
Terms of availability 200.00
International Standard Book Number 8178820102
035 ## - SYSTEM CONTROL NUMBER
System control number B-056411, B-056421
037 ## - SOURCE OF ACQUISITION
Source of stock number/acquisition Cen Lib/Ret
040 ## - CATALOGING SOURCE
Original cataloging agency DPL
Language of cataloging HN
Transcribing agency 0
082 ## - DEWEY DECIMAL CLASSIFICATION NUMBER
Classification number
Item number धूमके
100 ## - MAIN ENTRY--PERSONAL NAME
Personal name धूमकेतु
9 (RLIN) 60509
245 ## - TITLE STATEMENT
Title चण्ड अशोक :
Statement of responsibility, etc धूमकेतु
Remainder of title गुजराती के प्रसिद्द उपन्यास 'चण्ड अशोक' का हिंदी अनुवाद /
246 ## - VARYING FORM OF TITLE
Title proper/short title Chand Ashok : Gujrati ke prasidhh upanyas 'Chand Ashok' ka Hindi anuwaad /
Remainder of title by Dhumketu
260 ## - PUBLICATION, DISTRIBUTION, ETC. (IMPRINT)
Place of publication, distribution, etc दिल्ली
Name of publisher, distributor, etc सुरेन्द्रकुमार एंड संस
Date of publication, distribution, etc 2001
270 ## - ADDRESS
Address 30/21ए-22ए, गली न.9, विश्वासनगर, शाहदरा
City दिल्ली
Postal code 110032
300 ## - PHYSICAL DESCRIPTION
Extent 176पृ.
Dimensions 21सेमी (सजिल्द)
650 ## - SUBJECT ADDED ENTRY--TOPICAL TERM
Topical term or geographic name as entry element हिन्दी साहित्य
9 (RLIN) 60510
650 ## - SUBJECT ADDED ENTRY--TOPICAL TERM
Topical term or geographic name as entry element हिन्दी साहित्य -- उपन्यास
9 (RLIN) 46379
650 ## - SUBJECT ADDED ENTRY--TOPICAL TERM
Topical term or geographic name as entry element Hindi literature
9 (RLIN) 60511
650 ## - SUBJECT ADDED ENTRY--TOPICAL TERM
Topical term or geographic name as entry element Hindi literature -- Fiction
9 (RLIN) 60512
942 ## - ADDED ENTRY ELEMENTS (KOHA)
Source of classification or shelving scheme Dewey Decimal Classification
Koha item type Hindi Books
Classification part
Call number suffix धूमके
Holdings
Withdrawn status Lost status Damaged status Not for loan Home library Current library Date acquired Source of acquisition Cost, normal purchase price Total Checkouts Full call number Barcode Date last seen Copy number Cost, replacement price Price effective from Koha item type Source of classification or shelving scheme Collection code
        Central Library Central Library 19/08/2015 Cen Lib/Ret 200.00   उ धूमके B-056411 19/08/2015 1 200.00 19/08/2015 Hindi Books    
        Shahdara Branch Shahdara Branch 17/07/2018 BPPD/PUB 200.00   उ धूमके B-056421 17/07/2018   200.00 17/07/2018 Hindi Books Dewey Decimal Classification Fiction

© Delhi Public Library
Hit Counter
free hit counter